Border crossings (states) - Statistics

General Stats
  • This quiz has been taken 11 times
  • The average score is 29 of 30
Answer Stats
State Direction State % Correct
4) Mississippi East Alabama
100%
6) New Mexico West Arizona
100%
30) Oklahoma East Arkansas
100%
1) Rhode Island West Connecticut
100%
10) Georgia South Florida
100%
25) South Carolina South Georgia
100%
17) Illinois East Indiana
100%
27) Ohio West Indiana
100%
29) Indiana South Kentucky
100%
14) Arkansas South Louisiana
100%
22) Ohio North Michigan
100%
15) Texas West New Mexico
100%
11) Massachusetts West New York
100%
18) California North Oregon
100%
2) Oklahoma South Texas
100%
8) Nevada East Utah
100%
24) New Hampshire West Vermont
100%
7) Oregon North Washington
100%
13) Minnesota East Wisconsin
100%
19) Oregon East Idaho
91%
16) Iowa North Minnesota
91%
28) Louisiana East Mississippi
91%
26) Kansas East Missouri
91%
12) Virginia South North Carolina
91%
21) Kentucky South Tennessee
91%
9) Montana South Wyoming
91%
23) Missouri North Iowa
82%
5) Kansas North Nebraska
82%
3) Maine South New Hampshire
82%
20) Washington DC South Virginia
82%
No matching quizzes found
Score Distribution
Percent of People with Each Score
Percentile by Number Answered
Your Score History
You have not taken this quiz